Sinh năm 1980
Truyện phản ánh đời sống tâm lý, tình cảm của thanh niên Trung Quốc thế hệ 8X. Nhân vật chính là Hồ Tử Kiệt, một người đẹp trai, thông minh, nhạy cảm và lãng mạn. Cậu làm thơ, viết nhạc, chơi đàn... không phải để lấy chút danh tiếng mà ch...
Đã lưu trong:
| 主要作者: | |
|---|---|
| 格式: | 图书 |
| 语言: | Undetermined |
| 出版: |
Hà Nội
Văn học
2007
|
| 主题: | |
| 标签: |
添加标签
没有标签, 成为第一个标记此记录!
|
| Thư viện lưu trữ: | Trung tâm Học liệu Trường Đại học Cần Thơ |
|---|
| LEADER | 01231nam a2200217Ia 4500 | ||
|---|---|---|---|
| 001 | CTU_132498 | ||
| 008 | 210402s9999 xx 000 0 und d | ||
| 020 | |c 65000 | ||
| 082 | |a 895.13083 | ||
| 082 | |b Th400 | ||
| 100 | |a Từ, Triệu Thọ | ||
| 245 | 0 | |a Sinh năm 1980 | |
| 245 | 0 | |c Từ Triệu Thọ ; Nguyễn Xuân Minh (dịch) | |
| 260 | |a Hà Nội | ||
| 260 | |b Văn học | ||
| 260 | |c 2007 | ||
| 520 | |a Truyện phản ánh đời sống tâm lý, tình cảm của thanh niên Trung Quốc thế hệ 8X. Nhân vật chính là Hồ Tử Kiệt, một người đẹp trai, thông minh, nhạy cảm và lãng mạn. Cậu làm thơ, viết nhạc, chơi đàn... không phải để lấy chút danh tiếng mà chỉ mong hoà điệu tâm hồn vào lời thơ, tiếng nhạc, trải nghiệm đến tận cùng những buồn thương ám ảnh trong lòng. | ||
| 650 | |a Chinese fiction,Society fiction,Trung tâm Học liệu ĐHCT | ||
| 650 | |x Tiểu thuyết Trung Quốc,Tiểu thuyết xã hội | ||
| 904 | |i Quang Hiếu | ||
| 980 | |a Trung tâm Học liệu Trường Đại học Cần Thơ | ||